000 00468 a2200157 4500
020 _a0697201600
040 _aDLC
_bDLC
082 _a808.51
100 1 _aSproule, J. Michael,
245 1 0 _aSpeechmaking : rhetorical competence in a postmodern world
_cJ. Michael Sproule.
250 _a2nd ed.
260 _aMadison, WI :
_bBrown & Benchmark Publishers,
_cc1997.
300 _axiv, 433 p. :
_bill. ;
_c23 cm.
650 0 _aPublic speaking.
942 _cBK
_k808.51 SPR
_2ddc
999 _c4954
_d4954